Tribhuvan University Central Library

Draft sixth plan; a critical evaluation seminar report (Record no. 1476)

MARC details
000 -LEADER
fixed length control field 007960000a22002890004500
082 ## - DEWEY DECIMAL CLASSIFICATION NUMBER
Classification number 338.9
Item number Se52d
-- N
041 ## - LANGUAGE CODE
Language code of text/sound track or separate title Eng
111 ## - MAIN ENTRY--MEETING NAME
Meeting name or jurisdiction name as entry element Seminar on Draft Sixth Plan, , Kirtipur, 27th Magh 2036
100 ## - MAIN ENTRY--PERSONAL NAME
Personal name Ligal, Prithvi Raj
245 ## - TITLE STATEMENT
Title Draft sixth plan; a critical evaluation seminar report
260 ## - PUBLICATION, DISTRIBUTION, ETC. (IMPRINT)
Place of publication, distribution, etc Kathmandu
Name of publisher, distributor, etc T.U. Economics Instruction Committee, Kirtipur, Nepal
260 ## - PUBLICATION, DISTRIBUTION, ETC. (IMPRINT)
Date of publication, distribution, etc 1936 B.S.
300 ## - PHYSICAL DESCRIPTION
Extent v,11p.
Other physical details tables
500 ## - GENERAL NOTE
General note Text is Nepali also
518 ## - DATE/TIME AND PLACE OF AN EVENT NOTE
Date/time and place of an event note 931210
530 ## - ADDITIONAL PHYSICAL FORM AVAILABLE NOTE
Additional physical form available note M
650 ## - SUBJECT ADDED ENTRY--TOPICAL TERM
Topical term or geographic name as entry element Economic development
650 ## - SUBJECT ADDED ENTRY--TOPICAL TERM
Topical term or geographic name as entry element Plants
650 ## - SUBJECT ADDED ENTRY--TOPICAL TERM
Topical term or geographic name as entry element Regional development
650 ## - SUBJECT ADDED ENTRY--TOPICAL TERM
Topical term or geographic name as entry element Resources allocation
650 ## - SUBJECT ADDED ENTRY--TOPICAL TERM
Topical term or geographic name as entry element Historical analysis
650 ## - SUBJECT ADDED ENTRY--TOPICAL TERM
Topical term or geographic name as entry element Planning methods
650 ## - SUBJECT ADDED ENTRY--TOPICAL TERM
Topical term or geographic name as entry element Seminar reports
651 ## - SUBJECT ADDED ENTRY--GEOGRAPHIC NAME
Geographic name Nepal
650 ## - SUBJECT ADDED ENTRY--TOPICAL TERM
Topical term or geographic name as entry element CEDA
942 ## - ADDED ENTRY ELEMENTS (KOHA)
Koha item type General Collections
Holdings
Withdrawn status Lost status Damaged status Not for loan Home library Current library Date acquired Total Checkouts Barcode Date last seen Price effective from
        Tribhuvan University Central Library Tribhuvan University Central Library 06/20/2010   G22566 06/20/2010 06/20/2010